[Event "DEM U10/U10w 2010"]
[Site "Oberhof GER"]
[Date "2010.05.26"]
[Round "7"]
[White "Main, Laetitia Chantal"]
[Black "Schneider, Jana"]
[Result "1/2-1/2"]
[Termination "normal"]
[Board "44"]
[WhiteElo "922"]
[BlackElo "1073"]
[PlyCount "59"]
[BlackFideId "12924997"]
[EventCountry "GER"]
[EventRounds "11"]
[EventType "swiss"]
[EventDate "2010.05.22"]

1. e4 c5 2. Bc4 d6 3. f4 Nf6 4. Nc3 g6 5. Nf3 Bg7 6. O-O O-O 7. d3 Nc6 8. Be3
Bg4 9. Qe1 Na5 10. b3 Nxc4 11. bxc4 Qa5 12. Rb1 Rab8 13. Bd2 Qd8 14. Qh4 Bd7
15. Ng5 h6 16. Nf3 Re8 17. f5 Kh7 18. Bg5 gxf5 19. exf5 Bxf5 20. Nd2 Be6 21.
Rf3 Nd7 22. g4 Bxc3 23. Qxh6+ Kg8 24. Ne4 Bxg4 25. Rg3 Bd4+ 26. Kf1 f5 27. Nxd6
Be5 28. Nxe8 Qxe8 29. Rg2 Bg7 30. Qe6+ 1/2-1/2

[Event "DEM U10/U10w 2010"]
[Site "Oberhof GER"]
[Date "2010.05.26"]
[Round "7"]
[White "Bach, Kira Annika"]
[Black "Cejda, Cecilia"]
[Result "1-0"]
[Termination "normal"]
[Board "45"]
[WhiteElo "1071"]
[BlackElo "894"]
[PlyCount "59"]
[WhiteFideId "12907677"]
[BlackFideId "12921122"]
[EventCountry "GER"]
[EventRounds "11"]
[EventType "swiss"]
[EventDate "2010.05.22"]

1. e4 c5 2. d4 cxd4 3. c3 d3 4. Nf3 Nc6 5. Bxd3 d6 6. h3 Nf6 7. O-O g6 8. Bg5
Bg7 9. Re1 e5 10. Bc4 O-O 11. Nbd2 Qb6 12. Nb3 Rd8 13. Qd2 h6 14. Bxf6 Bxf6 15.
Qxh6 Bg7 16. Qg5 Bd7 17. Nh4 Ne7 18. Qxe7 Be8 19. Re3 Rd7 20. Qg5 Rc8 21. Bd5
Qb5 22. Nxg6 Kh7 23. Qh5+ Bh6 24. Nf8+ Kg7 25. Rg3+ Kxf8 26. Qxh6+ Ke7 27. Rg8
Qe2 28. g4 Qxb2 29. g5 Rxc3 30. Qf6# 1-0

[Event "DEM U10/U10w 2010"]
[Site "Oberhof GER"]
[Date "2010.05.26"]
[Round "7"]
[White "Schneider, Xenia"]
[Black "Ratay, Meike"]
[Result "0-1"]
[Termination "normal"]
[Board "46"]
[WhiteElo "777"]
[BlackElo "930"]
[PlyCount "162"]
[WhiteFideId "12911984"]
[BlackFideId "12977608"]
[EventCountry "GER"]
[EventRounds "11"]
[EventType "swiss"]
[EventDate "2010.05.22"]

1. e4 e5 2. Nf3 Nc6 3. Nc3 Bc5 4. Nxe5 Nxe5 5. d4 Bb6 6. dxe5 d6 7. exd6 cxd6
8. Bb5+ Bd7 9. O-O Bxb5 10. Nxb5 Nf6 11. Nxd6+ Ke7 12. Nf5+ Kf8 13. Qxd8+ Rxd8
14. e5 Nd5 15. Bg5 f6 16. exf6 gxf6 17. Bh6+ Kf7 18. Bg7 Rhe8 19. c4 Nc7 20.
Rad1 Rxd1 21. Rxd1 Kg6 22. g4 Re2 23. b4 Bxf2+ 24. Kf1 Rxa2 25. Rd6 Ne8 26. Rd7
Bb6 27. c5 Bc7 28. b5 Rb2 29. h4 Rxb5 30. h5+ Kg5 31. Bh6+ Kxg4 32. Ng7 Nxg7
33. Bxg7 Kf3 34. Ke1 Rxc5 35. Kd2 Bf4+ 36. Kd3 b5 37. Bf8 Rc8 38. Be7 b4 39.
Bxb4 Rb8 40. Bc5 a5 41. Ra7 Rb5 42. Bd4 Rxh5 43. Bxf6 Rf5 44. Bc3 h5 45. Bxa5
h4 46. Be1 h3 47. Rh7 h2 48. Bd2 Kg2 49. Bxf4 Rxf4 50. Ke3 Rf7 51. Rxh2+ Kxh2
52. Ke4 Kg3 53. Ke5 Kg4 54. Ke6 Rf1 55. Ke5 Rf2 56. Ke4 Re2+ 57. Kd3 Re8 58.
Kd4 Kf4 59. Kd5 Kf5 60. Kd4 Re7 61. Kd5 Rd7+ 62. Kc4 Ke4 63. Kc3 Rd8 64. Kc2
Ke3 65. Kc1 Ke2 66. Kc2 Rc8+ 67. Kb3 Kd3 68. Kb4 Kd4 69. Kb5 Kd5 70. Kb4 Rc7
71. Kb3 Kd4 72. Kb2 Kd3 73. Kb1 Kd2 74. Kb2 Rb7+ 75. Ka3 Kc3 76. Ka4 Kc4 77.
Ka5 Rb1 78. Ka6 Kc5 79. Ka7 Kc6 80. Ka8 Kc7 81. Ka7 Ra1# 0-1

[Event "DEM U10/U10w 2010"]
[Site "Oberhof GER"]
[Date "2010.05.28"]
[Round "9"]
[White "Lagunow, Raphael"]
[Black "Schröder, Kevin"]
[Result "1-0"]
[Termination "normal"]
[Board "1"]
[WhiteElo "1623"]
[BlackElo "1557"]
[PlyCount "63"]
[WhiteFideId "24652644"]
[BlackFideId "12929840"]
[EventCountry "GER"]
[EventRounds "11"]
[EventType "swiss"]
[EventDate "2010.05.22"]

1. e4 c5 2. c3 Nf6 3. e5 Nd5 4. d4 cxd4 5. Qxd4 e6 6. Nf3 Nc6 7. Qe4 d6 8. Nbd2
dxe5 9. Nxe5 Nxe5 10. Qxe5 Qf6 11. Bb5+ Bd7 12. Bxd7+ Kxd7 13. Qe2 a6 14. Ne4
Qg6 15. O-O b5 16. a4 bxa4 17. Rxa4 e5 18. Rd1 Qc6 19. Rc4 Qb7 20. Nc5+ Bxc5
21. Rxc5 Ke6 22. Rcxd5 Qxd5 23. Rxd5 Kxd5 24. Qf3+ Ke6 25. h3 f5 26. Be3 e4 27.
Qe2 Rhd8 28. Qc4+ Ke7 29. Bg5+ Ke8 30. Qe6+ Kf8 31. Bxd8 Rxd8 32. Qxf5+ 1-0

[Event "DEM U10/U10w 2010"]
[Site "Oberhof GER"]
[Date "2010.05.28"]
[Round "9"]
[White "Dürr, Florian"]
[Black "Graf, Clara Victoria"]
[Result "1/2-1/2"]
[Termination "normal"]
[Board "2"]
[WhiteElo "1750"]
[BlackElo "1736"]
[PlyCount "57"]
[WhiteFideId "24659134"]
[BlackFideId "1270339"]
[EventCountry "GER"]
[EventRounds "11"]
[EventType "swiss"]
[EventDate "2010.05.22"]

1. e4 c5 2. c4 Nc6 3. Nc3 g6 4. g3 Bg7 5. Bg2 d6 6. Nge2 Nf6 7. O-O O-O 8. d3
Nd4 9. Nxd4 cxd4 10. Ne2 e5 11. h3 Rb8 12. f4 b5 13. b3 a5 14. g4 Nd7 15. f5
Nc5 16. Ba3 b4 17. Bb2 a4 18. Qc2 a3 19. Bc1 Qh4 20. Kh2 Bh6 21. Bd2 Bg5 22.
Rf3 Qh6 23. Bxg5 Qxg5 24. Rg3 h5 25. gxh5 Qxh5 26. Qd2 Kh7 27. f6 Qh6 28. Qc2
Ne6 29. Ng1 1/2-1/2

[Event "DEM U10/U10w 2010"]
[Site "Oberhof GER"]
[Date "2010.05.28"]
[Round "9"]
[White "Ovsepyan, Arshak"]
[Black "Mätzkow, Maximilian Paul"]
[Result "1-0"]
[Termination "normal"]
[Board "3"]
[WhiteElo "1945"]
[BlackElo "1470"]
[PlyCount "77"]
[WhiteFideId "24690236"]
[BlackFideId "24679933"]
[EventCountry "GER"]
[EventRounds "11"]
[EventType "swiss"]
[EventDate "2010.05.22"]

1. e4 c5 2. Nf3 Nc6 3. d4 cxd4 4. Nxd4 g6 5. Nc3 Bg7 6. Be3 Nf6 7. Be2 O-O 8.
Qd2 d5 9. exd5 Nb4 10. O-O Nbxd5 11. Rad1 Nxc3 12. Qxc3 Nd5 13. Qb3 e6 14. Nxe6
Bxe6 15. c4 b6 16. cxd5 Bd7 17. Ba6 Bc8 18. Bb5 Bb7 19. Rd2 Qd6 20. Rfd1 Be5
21. g3 Bf6 22. Qd3 a6 23. Ba4 b5 24. Bb3 Be5 25. a3 f5 26. f4 Bf6 27. Bd4 Bxd4+
28. Qxd4 Rfe8 29. Rc1 Rac8 30. Rxc8 Rxc8 31. Qe5 Rc1+ 32. Kg2 Qxe5 33. fxe5 Kf7
34. Kf3 Ke7 35. Kf4 h6 36. d6+ Kd8 37. e6 Rf1+ 38. Ke5 Re1+ 39. Kf6 1-0

[Event "DEM U10/U10w 2010"]
[Site "Oberhof GER"]
[Date "2010.05.28"]
[Round "9"]
[White "Greßmann, Moritz"]
[Black "Litzka, Richard"]
[Result "1/2-1/2"]
[Termination "normal"]
[Board "4"]
[WhiteElo "1600"]
[BlackElo "1543"]
[PlyCount "71"]
[WhiteFideId "24695084"]
[EventCountry "GER"]
[EventRounds "11"]
[EventType "swiss"]
[EventDate "2010.05.22"]

1. e4 c5 2. Nc3 e6 3. f4 d5 4. Nf3 dxe4 5. Nxe4 Nc6 6. Bb5 Qb6 7. Bxc6+ Qxc6 8.
Nf2 Nf6 9. O-O Be7 10. Ne5 Qc7 11. Nfg4 O-O 12. d3 b6 13. Rf3 Bb7 14. Rg3 Kh8
15. b3 Rad8 16. Bb2 Nh5 17. Nh6 Nxg3 18. Nexf7+ Rxf7 19. Nxf7+ Kg8 20. Nxd8
Qxf4 21. hxg3 Qe3+ 22. Kf1 Bxd8 23. Qg4 g6 24. Qf4 Qxf4+ 25. gxf4 Kf7 26. Be5
Be7 27. Rd1 Bd5 28. c4 Bc6 29. d4 cxd4 30. Bxd4 Kg8 31. Rc1 Kf7 32. c5 b5 33.
Kf2 Ke8 34. b4 Kf7 35. g3 h5 36. Ke3 1/2-1/2

[Event "DEM U10/U10w 2010"]
[Site "Oberhof GER"]
[Date "2010.05.28"]
[Round "9"]
[White "Wächter, Nathalie"]
[Black "Gungl, Theo"]
[Result "0-1"]
[Termination "normal"]
[Board "5"]
[WhiteElo "1385"]
[BlackElo "1682"]
[PlyCount "116"]
[WhiteFideId "12921033"]
[BlackFideId "24695653"]
[EventCountry "GER"]
[EventRounds "11"]
[EventType "swiss"]
[EventDate "2010.05.22"]

1. e4 c6 2. d4 d5 3. exd5 cxd5 4. c4 Nf6 5. Nc3 Nc6 6. Nf3 e6 7. cxd5 Nxd5 8.
Bd3 Bb4 9. Bd2 Bd7 10. O-O O-O 11. Re1 Rc8 12. a3 Bxc3 13. bxc3 Nce7 14. c4 Nf6
15. Rc1 Bc6 16. Be3 Qa5 17. Ra1 Ba4 18. Qe2 Rfd8 19. Bg5 Ng6 20. Bxf6 gxf6 21.
Qe3 Kg7 22. h3 Bc6 23. Nh2 Qg5 24. Qxg5 fxg5 25. Bxg6 hxg6 26. Re5 Rxd4 27. c5
Bd5 28. Rc1 f6 29. Re2 b6 30. Rec2 bxc5 31. Rxc5 Rxc5 32. Rxc5 Rc4 33. Rxc4
Bxc4 34. Nf3 e5 35. Nd2 Bd5 36. Nb1 Kf7 37. Nc3 Bc6 38. f3 Ke7 39. Kf2 Kd6 40.
Ke3 f5 41. g3 f4+ 42. gxf4 gxf4+ 43. Ke2 g5 44. Ne4+ Bxe4 45. fxe4 Kc5 46. Kf3
Kd4 47. Kg4 Kxe4 48. Kxg5 f3 49. h4 f2 50. h5 f1=Q 51. h6 Qh3 52. Kg6 Kf4 53.
h7 e4 54. Kg7 Qg4+ 55. Kh8 e3 56. a4 e2 57. a5 e1=R 58. a6 Re8# 0-1

[Event "DEM U10/U10w 2010"]
[Site "Oberhof GER"]
[Date "2010.05.28"]
[Round "9"]
[White "Rätzke von Stoyentin, Steffen"]
[Black "Baberz, Alexander"]
[Result "1-0"]
[Termination "normal"]
[Board "6"]
[WhiteElo "1278"]
[BlackElo "1567"]
[PlyCount "79"]
[WhiteFideId "12907502"]
[BlackFideId "12921734"]
[EventCountry "GER"]
[EventRounds "11"]
[EventType "swiss"]
[EventDate "2010.05.22"]

1. d4 d5 2. c4 c6 3. Nc3 Nf6 4. Nf3 a6 5. a4 e6 6. Bg5 Be7 7. e3 a5 8. c5 b6 9.
cxb6 Qxb6 10. Qc2 Ba6 11. Be2 Bxe2 12. Qxe2 O-O 13. Ne5 h6 14. Bh4 Ra7 15. O-O
Rc8 16. Rfc1 Rb7 17. Rc2 Na6 18. Nb5 Nb4 19. Rcc1 Rbc7 20. Nxc7 Rxc7 21. Bxf6
Bxf6 22. Ng4 Be7 23. Ne5 Bf6 24. f4 Be7 25. Qh5 Bf8 26. Rc3 Bd6 27. Qe2 Bxe5
28. fxe5 Qb7 29. Rc5 Re7 30. Rxa5 Re8 31. Rc5 Rb8 32. Rc3 Qa7 33. Qd2 Qa5 34.
Rc5 Qa6 35. Rc3 Qa5 36. Rb3 Rb6 37. Qc3 Kf8 38. Qc5+ Qxc5 39. dxc5 Rb8 40. a5
1-0

[Event "DEM U10/U10w 2010"]
[Site "Oberhof GER"]
[Date "2010.05.28"]
[Round "9"]
[White "Pallas, Sebastian"]
[Black "Mehsin, Yazan"]
[Result "0-1"]
[Termination "normal"]
[Board "7"]
[WhiteElo "1560"]
[BlackElo "1473"]
[PlyCount "120"]
[WhiteFideId "12905453"]
[EventCountry "GER"]
[EventRounds "11"]
[EventType "swiss"]
[EventDate "2010.05.22"]

1. e4 e5 2. Nf3 f5 3. d3 Nc6 4. Bg5 Nf6 5. Nc3 Bc5 6. Be2 h6 7. Bxf6 Qxf6 8.
Nd5 Qd8 9. O-O d6 10. Nd2 Rg8 11. Nb3 Bb6 12. Qd2 f4 13. Nxb6 axb6 14. d4 Qg5
15. Kh1 Bg4 16. Bxg4 Qxg4 17. dxe5 f3 18. g3 Nxe5 19. Qd5 O-O-O 20. Nd4 Qh3 21.
Qe6+ Qxe6 22. Nxe6 Rde8 23. Nd4 h5 24. b3 h4 25. Rae1 c5 26. Nf5 Rh8 27. Nxd6+
Kd7 28. Nxe8 hxg3 29. fxg3 Kxe8 30. Kg1 Rf8 31. h3 Rh8 32. h4 Rf8 33. Re3 Kd7
34. Rc3 Kc6 35. a4 b5 36. axb5+ Kxb5 37. Kf2 Kb4 38. Rc4+ Nxc4 39. bxc4 Kxc4
40. Ke3 b5 41. Rxf3 Ra8 42. Rf7 Ra3+ 43. Kf2 Rc3 44. Rxg7 Rxc2+ 45. Ke1 b4 46.
Kd1 b3 47. Rb7 Kc3 48. e5 b2 49. e6 Rc1+ 50. Ke2 b1=Q 51. Rxb1 Rxb1 52. g4 Kd4
53. h5 c4 54. h6 c3 55. h7 Rb8 56. g5 c2 57. Kd2 Rc8 58. Kc1 Kd3 59. g6 Rb8 60.
h8=Q Rb1# 0-1

[Event "DEM U10/U10w 2010"]
[Site "Oberhof GER"]
[Date "2010.05.28"]
[Round "9"]
[White "Renger, Niklas"]
[Black "Kreyssig, Bruno"]
[Result "0-1"]
[Termination "normal"]
[Board "8"]
[WhiteElo "1320"]
[BlackElo "1319"]
[PlyCount "66"]
[WhiteFideId "12908096"]
[BlackFideId "4692489"]
[EventCountry "GER"]
[EventRounds "11"]
[EventType "swiss"]
[EventDate "2010.05.22"]

1. f3 e5 2. e4 Nc6 3. Bc4 Bc5 4. Ne2 Nf6 5. c3 d6 6. d4 exd4 7. cxd4 Bb6 8. O-O
O-O 9. Kh1 Bd7 10. Bg5 h6 11. Bh4 Qe7 12. Nbc3 Kh8 13. Nd5 Qd8 14. Bxf6 gxf6
15. Qd2 Kh7 16. Qf4 Nxd4 17. Nxf6+ Kg6 18. Ng4 Qg5 19. Qxg5+ hxg5 20. Nc3 Bxg4
21. fxg4 Nc2 22. Rac1 Ne3 23. Nd5 Nxf1 24. Rxf1 Rae8 25. Rf6+ Kg7 26. Rf5 Re5
27. Rxe5 dxe5 28. h3 Re8 29. Kh2 c6 30. Nb4 Rd8 31. Nd3 f6 32. b3 Be3 33. g3 b5
0-1

[Event "DEM U10/U10w 2010"]
[Site "Oberhof GER"]
[Date "2010.05.28"]
[Round "9"]
[White "Peter, Anton"]
[Black "Poghosyan, Tigran"]
[Result "1/2-1/2"]
[Termination "normal"]
[Board "9"]
[WhiteElo "1499"]
[BlackElo "1387"]
[PlyCount "76"]
[WhiteFideId "12901660"]
[BlackFideId "12909319"]
[EventCountry "GER"]
[EventRounds "11"]
[EventType "swiss"]
[EventDate "2010.05.22"]

1. d4 Nf6 2. c4 g6 3. Nc3 d5 4. cxd5 Nxd5 5. e4 Nxc3 6. bxc3 Bg7 7. Nf3 c5 8.
Be2 Nc6 9. e5 cxd4 10. cxd4 Bg4 11. Be3 O-O 12. O-O Qd7 13. Qd2 Rfd8 14. Rfd1
Rac8 15. h3 Bf5 16. Rac1 a6 17. Bd3 Bxd3 18. Qxd3 Nxe5 19. Nxe5 Bxe5 20. Qe4
Rxc1 21. Rxc1 Bxd4 22. Bxd4 Qxd4 23. Qxd4 Rxd4 24. Rc7 b5 25. Rxe7 Rd2 26. a3
Rd1+ 27. Kh2 Rd3 28. a4 bxa4 29. Re4 Ra3 30. f3 Ra1 31. Kg3 a3 32. Ra4 Kf8 33.
Rxa6 Ke7 34. Kf4 a2 35. Kg3 h5 36. Kf2 f5 37. Kg3 g5 38. Kf2 h4 1/2-1/2

[Event "DEM U10/U10w 2010"]
[Site "Oberhof GER"]
[Date "2010.05.28"]
[Round "9"]
[White "Vogel, Roven"]
[Black "Spitzl, Vinzent"]
[Result "0-1"]
[Termination "normal"]
[Board "10"]
[WhiteElo "1480"]
[BlackElo "1711"]
[PlyCount "52"]
[WhiteFideId "12908088"]
[BlackFideId "12901253"]
[EventCountry "GER"]
[EventRounds "11"]
[EventType "swiss"]
[EventDate "2010.05.22"]

1. e4 e5 2. Nf3 Nc6 3. d4 exd4 4. Nxd4 Bc5 5. Be3 Qf6 6. c3 Nge7 7. Be2 d6 8.
O-O Bd7 9. a4 a6 10. a5 O-O 11. Kh1 Ng6 12. Nxc6 Bxc6 13. Bxc5 dxc5 14. Nd2
Rad8 15. Qc2 Nf4 16. Rfe1 Nxg2 17. Bf3 Nxe1 18. Rxe1 Rxd2 19. Qxd2 Qxf3+ 20.
Kg1 Bxe4 21. Rxe4 Qxe4 22. Qd7 Qg6+ 23. Kf1 Qd6 24. Qh3 Re8 25. c4 Qd4 26. b3
Re6 0-1

[Event "DEM U10/U10w 2010"]
[Site "Oberhof GER"]
[Date "2010.05.28"]
[Round "9"]
[White "Schmidek, Emil"]
[Black "Kitze, Alexander"]
[Result "1-0"]
[Termination "normal"]
[Board "11"]
[WhiteElo "1740"]
[BlackElo "1323"]
[PlyCount "63"]
[WhiteFideId "12908150"]
[BlackFideId "12914827"]
[EventCountry "GER"]
[EventRounds "11"]
[EventType "swiss"]
[EventDate "2010.05.22"]

1. d4 d5 2. c4 e6 3. Nc3 Nf6 4. Bg5 Nbd7 5. Nf3 c6 6. e3 Qa5 7. Qd2 Bb4 8. Bxf6
Nxf6 9. Bd3 dxc4 10. Bc2 Nd5 11. O-O Nxc3 12. a3 Nd5 13. axb4 Qxb4 14. Qxb4
Nxb4 15. Bb1 O-O 16. Ra4 a5 17. Ne5 f6 18. Nxc4 b5 19. Rxa5 Rxa5 20. Nxa5 Bd7
21. Nb7 Na6 22. Bc2 Rb8 23. Nc5 Nxc5 24. dxc5 f5 25. Bb3 Kf8 26. Rd1 Ke7 27.
Ra1 Rb7 28. f4 Kf6 29. Kf2 e5 30. Ra8 Be6 31. fxe5+ Kxe5 32. Re8 1-0

[Event "DEM U10/U10w 2010"]
[Site "Oberhof GER"]
[Date "2010.05.28"]
[Round "9"]
[White "Savchenko, Daniel"]
[Black "Moses, Selina"]
[Result "0-1"]
[Termination "normal"]
[Board "12"]
[WhiteElo "1237"]
[BlackElo "1453"]
[PlyCount "104"]
[WhiteFideId "12919195"]
[BlackFideId "12908070"]
[EventCountry "GER"]
[EventRounds "11"]
[EventType "swiss"]
[EventDate "2010.05.22"]

1. e4 e5 2. Bc4 Nf6 3. d4 exd4 4. Nf3 Bb4+ 5. c3 dxc3 6. bxc3 d5 7. cxb4 dxc4
8. Qxd8+ Kxd8 9. Bg5 Nbd7 10. e5 Re8 11. Nc3 Nxe5 12. O-O-O+ Nd3+ 13. Kc2 Bd7
14. Rd2 Nxb4+ 15. Kb2 Nd3+ 16. Kc2 c6 17. Bh4 h6 18. g4 g5 19. Nxg5 hxg5 20.
Bxg5 Re6 21. f4 Kc7 22. f5 Rd6 23. Bh4 Nb4+ 24. Kc1 Rxd2 25. Kxd2 Nxg4 26. Bg3+
Kc8 27. Re1 Nh6 28. f6 Be6 29. Bd6 Nd5 30. Nxd5 cxd5 31. Be7 Kd7 32. h4 Nf5 33.
Ba3 Nxh4 34. Rh1 Ng6 35. Bb2 Rh8 36. Rb1 b5 37. Bd4 a6 38. a4 Rh2+ 39. Kc3 Rh3+
40. Kb4 bxa4 41. Kxa4 Rd3 42. Bb2 c3 43. Ba3 d4 44. Bc1 Rd1 45. Kb4 a5+ 46.
Kxa5 c2 47. Ra1 d3 48. Kb6 Kd6 49. Kb5 d2 50. Ra6+ Kd5 51. Ba3 c1=Q 52. Rd6+
Ke4 0-1

[Event "DEM U10/U10w 2010"]
[Site "Oberhof GER"]
[Date "2010.05.28"]
[Round "9"]
[White "Sieber, Fiona"]
[Black "Petersen, Marcel"]
[Result "1/2-1/2"]
[Termination "normal"]
[Board "13"]
[WhiteElo "1605"]
[BlackElo "1292"]
[PlyCount "82"]
[WhiteFideId "12902373"]
[BlackFideId "12935670"]
[EventCountry "GER"]
[EventRounds "11"]
[EventType "swiss"]
[EventDate "2010.05.22"]

1. c4 Nf6 2. Nc3 c5 3. g3 Nc6 4. Bg2 g6 5. Nf3 Bg7 6. O-O O-O 7. d3 d6 8. Rb1
Bd7 9. Bd2 Qc8 10. Re1 Bh3 11. Bh1 Re8 12. Ng5 Bd7 13. a3 a5 14. Nb5 b6 15. Bc3
Bf8 16. Bxf6 exf6 17. Ne4 Re6 18. d4 Nxd4 19. Nxd4 cxd4 20. Qxd4 Be7 21. h4 Bc6
22. b3 f5 23. Nc3 Bxh1 24. Kxh1 Bf6 25. Qd3 Bxc3 26. Qxc3 Qc6+ 27. Kg1 Rae8 28.
Qd3 Qe4 29. Qxe4 Rxe4 30. e3 Kg7 31. Rbd1 Rd8 32. Rd5 Kf6 33. Red1 Ke6 34. Kf1
Re5 35. Ke2 h5 36. Rxe5+ Kxe5 37. Rd5+ Ke6 38. Kd3 Kd7 39. Kd4 Kc6 40. f3 f6
41. Kd3 Re8 1/2-1/2

[Event "DEM U10/U10w 2010"]
[Site "Oberhof GER"]
[Date "2010.05.28"]
[Round "9"]
[White "Urban, Konstantin"]
[Black "Höglauer, Patrick"]
[Result "1-0"]
[Termination "normal"]
[Board "15"]
[WhiteElo "1241"]
[BlackElo "1768"]
[PlyCount "123"]
[WhiteFideId "12927511"]
[BlackFideId "1270548"]
[EventCountry "GER"]
[EventRounds "11"]
[EventType "swiss"]
[EventDate "2010.05.22"]

1. e4 d6 2. d4 Nf6 3. Nc3 g6 4. Be3 c6 5. f3 b5 6. Qd2 Nbd7 7. O-O-O Qa5 8. Kb1
Nb6 9. Nd5 Qxd2 10. Nxf6+ exf6 11. Rxd2 Be6 12. d5 Bd7 13. dxc6 Bxc6 14. Bd4
Nd7 15. c4 b4 16. b3 a5 17. Bd3 Bh6 18. Rd1 O-O-O 19. Ne2 Kc7 20. Ng3 Ne5 21.
Bc2 Rhe8 22. Rhe1 Re6 23. Nf1 Rde8 24. Ne3 Bxe3 25. Bxe3 g5 26. Bf2 h5 27. h3
Ng6 28. Bg3 h4 29. Bh2 Ne5 30. Rd2 f5 31. exf5 Nxf3 32. fxe6 Nxd2+ 33. Kc1 Bxg2
34. Kxd2 Rxe6 35. Bf5 Rf6 36. Bg4 Kc6 37. Re8 Rf2+ 38. Re2 Rxe2+ 39. Kxe2 Be4
40. Bf3 Bxf3+ 41. Kxf3 f5 42. Bg1 d5 43. cxd5+ Kxd5 44. Be3 g4+ 45. hxg4 fxg4+
46. Kxg4 Ke4 47. Bb6 Kd3 48. Bxa5 Kc3 49. a3 Kxb3 50. axb4 Kc4 51. Kxh4 Kb5 52.
Kg4 Kc4 53. Kf5 Kd5 54. Bb6 Kc6 55. Bc5 Kd5 56. Bf8 Kc6 57. Ke6 Kb5 58. Kd7 Kb6
59. Bc5+ Kb5 60. Kc7 Ka6 61. Kb8 Kb5 62. Kb7 1-0

[Event "DEM U10/U10w 2010"]
[Site "Oberhof GER"]
[Date "2010.05.28"]
[Round "9"]
[White "Hartmann, Martin"]
[Black "Burg, Niclas"]
[Result "0-1"]
[Termination "normal"]
[Board "16"]
[WhiteElo "1223"]
[BlackElo "1467"]
[PlyCount "186"]
[WhiteFideId "12911925"]
[BlackFideId "1271968"]
[EventCountry "GER"]
[EventRounds "11"]
[EventType "swiss"]
[EventDate "2010.05.22"]

1. e4 c5 2. d4 cxd4 3. c3 dxc3 4. Nxc3 Nc6 5. Nf3 Nf6 6. Bb5 e6 7. Bg5 Be7 8.
O-O O-O 9. Qd2 Re8 10. Rfd1 a6 11. Bxc6 bxc6 12. Rac1 d5 13. e5 Nd7 14. Bxe7
Qxe7 15. Na4 Bb7 16. Qc2 Rec8 17. Rd4 c5 18. Rh4 h6 19. Rg4 f6 20. Qg6 d4 21.
exf6 Qxf6 22. Qxf6 Nxf6 23. Rg3 Rab8 24. Rxc5 Ne4 25. Rxc8+ Rxc8 26. h3 Nxg3
27. fxg3 Bxf3 28. gxf3 d3 29. Kf2 Rc2+ 30. Ke1 Rh2 31. h4 Rh3 32. Kf2 d2 33.
Nc3 Rh1 34. Ke2 Rg1 35. g4 Rh1 36. h5 Rh3 37. a4 Rh1 38. Kxd2 Kf7 39. b4 Ke7
40. b5 axb5 41. axb5 Kd6 42. Ke3 Kc5 43. Kf4 Rc1 44. Ne4+ Kxb5 45. Ke5 Rf1 46.
f4 Kc6 47. g5 Kd7 48. gxh6 gxh6 49. Nf6+ Kd8 50. Kxe6 Rxf4 51. Kf7 Rf3 52. Kg6
Ke7 53. Nd5+ Kd6 54. Nb4 Rf4 55. Nd3 Rd4 56. Nf2 Rf4 57. Nd3 Rf3 58. Ne1 Re3
59. Nc2 Re6+ 60. Kf5 Ke7 61. Nd4 Rf6+ 62. Kg4 Kd6 63. Nf5+ Ke5 64. Ne7 Rf4+ 65.
Kg3 Ra4 66. Ng6+ Kf5 67. Kh3 Kg5 68. Kg3 Kxh5 69. Nf4+ Kg5 70. Ne6+ Kf5 71.
Ng7+ Kg6 72. Ne6 Ra3+ 73. Kh2 h5 74. Nf4+ Kh6 75. Ne6 h4 76. Nf4 Kg5 77. Nh3+
Kg4 78. Nf2+ Kf4 79. Nh3+ Kf5 80. Kg2 Rg3+ 81. Kh2 Kg4 82. Nf2+ Kf3 83. Nd3 h3
84. Ne5+ Kf4 85. Nc4 Rc3 86. Nd6 Kg4 87. Ne4 Rc2+ 88. Kg1 h2+ 89. Kh1 Kf4 90.
Nf6 Re2 91. Nh5+ Kg4 92. Nf6+ Kh3 93. Ne4 Re1# 0-1

[Event "DEM U10/U10w 2010"]
[Site "Oberhof GER"]
[Date "2010.05.28"]
[Round "9"]
[White "Gauchel, Lorenz"]
[Black "Nguyen, Huy Dat"]
[Result "0-1"]
[Termination "normal"]
[Board "17"]
[WhiteElo "1451"]
[BlackElo "1363"]
[PlyCount "56"]
[WhiteFideId "12905283"]
[BlackFideId "12923486"]
[EventCountry "GER"]
[EventRounds "11"]
[EventType "swiss"]
[EventDate "2010.05.22"]

1. d4 Nf6 2. c3 g6 3. Bf4 Bg7 4. e3 O-O 5. Nf3 d6 6. h3 Nfd7 7. Bh2 c5 8. Nbd2
Nc6 9. Be2 cxd4 10. exd4 e5 11. dxe5 dxe5 12. O-O f5 13. Nc4 e4 14. Nfd2 Nde5
15. Qb3 Kh8 16. Nxe5 Nxe5 17. Nc4 Be6 18. Bxe5 Bxe5 19. Qc2 Bg7 20. Rad1 Qg5
21. Kh1 Rad8 22. a3 Bd5 23. Rg1 f4 24. Nd2 Qh4 25. Nxe4 f3 26. Bxf3 Rxf3 27.
Ng3 Rxg3 28. fxg3 Qxh3# 0-1

[Event "DEM U10/U10w 2010"]
[Site "Oberhof GER"]
[Date "2010.05.28"]
[Round "9"]
[White "Riedel, Matthias"]
[Black "Kasel, Mario"]
[Result "1-0"]
[Termination "normal"]
[Board "18"]
[WhiteElo "1366"]
[BlackElo "1285"]
[PlyCount "125"]
[WhiteFideId "1271820"]
[BlackFideId "24660957"]
[EventCountry "GER"]
[EventRounds "11"]
[EventType "swiss"]
[EventDate "2010.05.22"]

1. d4 d5 2. Nf3 Nc6 3. Bf4 Bf5 4. e3 a6 5. Bd3 Bxd3 6. cxd3 Nf6 7. Nbd2 e6 8.
a3 Bd6 9. Bg3 O-O 10. O-O Re8 11. Ne5 Ne7 12. f4 Nf5 13. Qe2 Nxg3 14. hxg3 Nd7
15. Qh5 g6 16. Qh3 Nf6 17. g4 c5 18. g5 Nd7 19. Kf2 cxd4 20. exd4 Nf8 21. Qe3
f6 22. gxf6 Qxf6 23. Kg1 Rac8 24. Rac1 Rxc1 25. Rxc1 Qe7 26. Nb3 Nd7 27. Qd2
Nxe5 28. dxe5 Bc7 29. d4 Bb6 30. g3 h5 31. Rc3 Rf8 32. Qc2 Qf7 33. Rc8 Kg7 34.
a4 g5 35. Rxf8 Qxf8 36. fxg5 Qf5 37. Qxf5 exf5 38. Kf2 Kg6 39. a5 Bd8 40. Nc5
Bxg5 41. Nxb7 h4 42. gxh4 Bxh4+ 43. Ke2 Bg5 44. b4 f4 45. b5 axb5 46. a6 f3+
47. Kxf3 b4 48. Nc5 Be7 49. a7 Bxc5 50. dxc5 b3 51. a8=Q b2 52. Qa2 b1=Q 53.
Qxb1+ Kf7 54. Qh7+ Ke6 55. Kf4 d4 56. Ke4 d3 57. Qh8 Kd7 58. Kd5 d2 59. Qg7+
Kd8 60. Qf8+ Kc7 61. Qe7+ Kc8 62. Kc6 d1=Q 63. Qc7# 1-0

[Event "DEM U10/U10w 2010"]
[Site "Oberhof GER"]
[Date "2010.05.28"]
[Round "9"]
[White "Fieberg, Samuel"]
[Black "Reuker, Jari"]
[Result "1-0"]
[Termination "normal"]
[Board "19"]
[WhiteElo "1305"]
[BlackElo "1237"]
[PlyCount "69"]
[WhiteFideId "12901717"]
[BlackFideId "12909300"]
[EventCountry "GER"]
[EventRounds "11"]
[EventType "swiss"]
[EventDate "2010.05.22"]

1. e4 c5 2. Nf3 e6 3. d4 cxd4 4. Nxd4 Nf6 5. Nc3 d6 6. Be2 a6 7. O-O b5 8. a3
Bb7 9. Bf3 Qc7 10. Bg5 Nbd7 11. Qd2 Be7 12. Rfe1 O-O 13. Rad1 Rac8 14. Re2 Ne5
15. Qe3 Nc4 16. Qc1 h6 17. Bh4 Nxe4 18. Bxe7 Nxc3 19. Bxb7 Nxe2+ 20. Nxe2 Qxb7
21. Bxf8 Kxf8 22. b3 Na5 23. Rxd6 Nxb3 24. Qd1 Na5 25. Rd8+ Ke7 26. Qd6+ Kf6
27. Qd4+ Ke7 28. Qd6+ Kf6 29. Rd7 Qe4 30. Qe7+ Ke5 31. f4+ Kf5 32. Qxf7+ Kg4
33. h3+ Kh4 34. g3+ Kxh3 35. Qh5# 1-0

[Event "DEM U10/U10w 2010"]
[Site "Oberhof GER"]
[Date "2010.05.28"]
[Round "9"]
[White "Kirn, Niklas Johann"]
[Black "Kololli, Martin"]
[Result "1/2-1/2"]
[Termination "normal"]
[Board "20"]
[WhiteElo "1188"]
[BlackElo "1251"]
[PlyCount "24"]
[WhiteFideId "12910899"]
[BlackFideId "12936910"]
[EventCountry "GER"]
[EventRounds "11"]
[EventType "swiss"]
[EventDate "2010.05.22"]

1. e4 e5 2. Nf3 Nc6 3. Bb5 a6 4. Ba4 Be7 5. d3 d6 6. c3 Bg4 7. h3 Bh5 8. Be3
Nf6 9. Nbd2 b5 10. Bc2 d5 11. g4 Bg6 12. Qe2 Qd6 1/2-1/2